1422 1443 1467 1469 1684 1750 1073 1810 1382 1965 1879 1065 1620 1947 1721 1325 1649 1832 1884 1024 1873 1223 1913 1215 1197 1155 1927 1051 1340 1876 1376 1203 1969 1141 1335 1420 1940 1155 1676 1147 1551 1950 1523 1023 1999 1924 1099 1398 1161 1921 1705 1705 1984 1498 1230 1533 1949 1258 1482 1334 1180 1855 1384 1349 1792 1042 1611 1142 1607 1253 1286 1618 1268 1705 1157 1231 1296 1619 1338 1225 1238 1627 1014 1442 1410 1458 1483 1931 1952 1502 1675 1447 1818 1650 1033 1286 1143 1120 1683 BCNSPRNW ULIB Ver.6.0+V

เปลี่ยนเป็นภาษาไทย

Change to English
 แสดงรายละเอียดบรรณานุกรม
  กลับหน้าหลัก

Brief Record : Get Marc (ISO 2709) : E-mail record : QR code < ปิดหน้าต่าง
LEADER : 00000nam 2200000uu 4500
001    13399107671
003     ULIB
008    110114s2548th 000 0 tha d
020    9749712587
020    9789749712580
060 04 QT104^bว435ส 2548
100 0  วันเพ็ญ ภูติจันทร์
245 10 สรีรวิทยาทั่วไป =^bGeneral physiology /^cวันเพ็ญภูติจันทร์
246 31 General physiology
250    พิมพ์ครั้งที่ 1
260    กรุงเทพฯ :^bโอเดียนสโตร์,^c2548
300    384 หน้า :^bภาพประกอบ ;^c24 ซม.
650  7 สรีรวิทยา
945    ^p250^l0^i028234
945    ^p250^l0^i019935
995    เกษร
999 ^a ใช้งานได้ทุกระบบ
รายการนี้ยังไม่มีแท็ก
คุณยังไม่ได้ล็อกอิน คุณสามารถมีกิจกรรมร่วมกับเว็บไซต์ได้ แต่ต้องล็อกอินก่อน ::
  ล็อกอิน

รายการสื่อสารสนเทศ

ลำดับที่ ประเภท เลขเรียก/บาร์โค้ด สถานที่ สถานะ
1. วิทยาศาสตร์การแพทย์ และสุขภาพ
วิทยาศาสตร์การแพทย์ และสุขภาพ
สถานะ=หนังสือเก่า
QT104 ว435ส 2548 ฉ.2 
  Barcode: 019935
ห้องสมุดวิทยาเขตสวรรค์ประชารักษ์
►ส่วนจัดเก็บหนังสือเก่า สปร
บนชั้น
  ขอยืม

รายการใกล้เคียง
    ผู้แต่ง [วันเพ็ญ ภูติจันทร์]

    หัวเรื่อง [สรีรวิทยา]

BibComment


ยังไม่เคยถูกคอมเมนท์

คอมเมนท์ทรัพยากรรายการนี้
  คอมเมนท์: สรีรวิทยาทั่วไป ..


 Copyright 2026. Bcnsprnw @Library